[Event "Tourn. n8327"]
[Site "www.chess-mail.com"]
[Date "2015.08.20"]
[Round "1"]
[White "Fred"]
[Black "Orae"]
[WhiteElo "2030"]
[BlackElo "1940"]
[Result "1-0"]
[Round "1"]
1.e4 e5
2.f4 exf4
3.Ng1f3 Ng8f6
4.e5 Qd8e7
5.d4 g6
6.Bf1c4 d5
7.Bc4b3 Nf6e4
8.Bb3xd5 Ne4g5
9.Bc1xf4 Ng5xf3
10.Qd1xf3 c6
11.Bd5b3 Qe7b4
12.c3 Qb4e7
13.O-O Bf8g7
14.Bf4g5 f6
15.exf6 Bg7xf6
16.Bg5xf6 Qe7f8
17.Qf3e2 Kd7
18.Bb3e6 Kc7
19.Bf6e5 Kb6
20.Rf1xf8 Rh8xf8
21.d5 cxd5
22.Qe2e3 Kc6
23.Be6xd5 Kxd5
24.Qe3d4 Kc6
25.Qd4d6 Kb5
26.a4 Kc4
27.Nb1d2 { resign }
1-0

[Event "Match"]
[Site "www.echecsemail.com"]
[Date "2015.08.20"]
[Round "1"]
[White "Susov"]
[Black "Coraza"]
[WhiteElo "1800"]
[BlackElo "1649"]
[Result "1-0"]
[Round "1"]
1.e4 e5
2.Ng1f3 Nb8c6
3.Nb1c3 Bf8c5
4.Bf1b5 Ng8f6
5.Bb5xc6 Nf6g4
6.O-O dxc6
7.d3 O-O
8.h3 Ng4f6
9.Bc1g5 h6
10.Bg5h4 Bc5b4
11.Nf3xe5 Rf8e8
12.Ne5c4 g5
13.Bh4g3 Bb4xc3
14.bxc3 b5
15.Nc4e5 Nf6d7
16.Ne5xc6 Qd8f6
17.Nc6d4 c6
18.Qd1f3 Qf6g6
19.Nd4f5 Nd7f6
20.Ra1e1 Bc8xf5
21.exf5 Qg6h7
22.Re1xe8 Ra8xe8
23.Qf3xc6 Qh7xf5
24.Qc6f3 Qf5e6
25.Rf1a1 Kg7
26.Kf1 Qe6c8
27.d4 Qc8c4
28.Kg1 Qc4a4
29.Bg3e5 Re8e6
30.Qf3d3 a6
31.Be5xf6 Re6xf6
32.d5 Qa4f4
33.Ra1f1 Kg8
34.f3 Rf6d6
35.Rf1e1 Rd6d8
36.Qd3e4 Qf4g3
37.Qe4e5 Qg3h4
38.d6 Rd8xd6
39.Re1e4 Rd6e6
40.Re4xh4 Re6xe5
41.Rh4xh6 Re5e1
42.Kh2 a5
43.Rh6b6 Re1b1
44.c4 b4
45.c5 Rb1c1
46.c6 Rc1xc2
47.Rb6a6 Rc2xa2
48.c7 Ra2c2
49.Ra6a8 Kg7
50.c8Q Rc2xc8
51.Ra8xc8 a4
52.Rc8c4 b3
53.Rc4xa4 b2
54.Ra4b4 Kg6
55.g4 f5
56.Rb4xb2 f4
57.Rb2b6 Kf7
58.h4 gxh4
59.Kh3 Kg7
60.Kxh4 { resign }
1-0

[Event "Match"]
[Site "www.echecsemail.com"]
[Date "2015.08.20"]
[Round "1"]
[White "Juodivarnai"]
[Black "Mdesouza"]
[WhiteElo "2180"]
[BlackElo "2210"]
[Result "0-1"]
[Round "1"]
1.e4 e5
2.Ng1f3 Nb8c6
3.Bf1b5 a6
4.Bb5a4 Ng8f6
5.O-O Nf6xe4
6.d4 b5
7.Ba4b3 d5
8.dxe5 Bc8e6
9.Nb1c3 Ne4xc3
10.bxc3 Nc6e7
11.Bc1g5 c6
12.Qd1d2 Qd8c7
13.a4 Ne7g6
14.axb5 Bf8e7
15.Bg5e3 Ng6xe5
16.Nf3xe5 Qc7xe5
17.bxa6 O-O
18.Be3f4 Qe5h5
19.Qd2e3 c5
20.Ra1a5 Rf8c8
21.Rf1e1 Rc8c6
22.c4 d4
23.Qe3xd4 Qh5xh2
24.Bf4xh2 cxd4
25.Bh2e5 Be7b4
26.Ra5a1 Bb4xe1
27.Ra1xe1 Be6xc4
28.Be5xd4 Bc4xb3
29.cxb3 Rc6xa6
30.b4 Ra6e6
31.Re1xe6 fxe6
32.b5 Kf7
33.b6 Ra8b8
34.Kf1 g6
35.Ke2 Ke7
36.Kd3 e5
37.Bd4e3 Kd6
38.Kc4 Kc6
39.g3 Rb8d8
40.Be3g5 Rd8d4
41.Kc3 Kxb6
42.Bg5e3 Kc5
43.f4 Kd5
44.fxe5 Rd4e4
45.Be3f4 Re4xe5
46.Bf4xe5 Kxe5
47.Kd3 Kf5
48.Ke3 Kg4
49.Kf2 g5
50.Kg2 h5
{ resign }
0-1

[Event "Match"]
[Site "www.echecsemail.com"]
[Date "2015.08.20"]
[Round "1"]
[White "Mdesouza"]
[Black "Jaguar91"]
[WhiteElo "2210"]
[BlackElo "2100"]
[Result "1-0"]
[Round "1"]
1.e4 c5
2.Nb1c3 d6
3.Bf1b5 Nb8d7
4.a4 a6
5.Bb5c4 Ng8f6
6.f4 e6
7.Ng1f3 Bf8e7
8.d3 Qd8c7
9.O-O b6
10.Qd1e1 Bc8b7
11.Bc1d2 h5
12.Nf3g5 Qc7c6
13.Qe1e2 h4
14.Qe2f3 Qc6c7
15.Bc4xe6 fxe6
16.Ng5xe6 Qc7c8
17.Ne6xg7 Kf7
18.Ng7f5 Qc8g8
19.Nc3d5 Nf6xd5
20.exd5 Nd7f6
21.c4 Bb7c8
22.Nf5xe7 Kxe7
23.Rf1e1 Kd8
24.Bd2c3 Qg8g6
25.f5 Qg6g5
26.Qf3e2 Rh8h7
27.Bc3xf6 Qg5xf6
28.Qe2e8 Kc7
29.Qe8c6 { resign }
1-0

[Event "Match"]
[Site "www.echecsemail.com"]
[Date "2015.08.20"]
[Round "1"]
[White "Rindrandria"]
[Black "Ranjachess"]
[WhiteElo "1650"]
[BlackElo "1680"]
[Result "1-0"]
[Round "1"]
1.e4 e5
2.Ng1f3 d5
3.exd5 Bc8g4
4.c4 e4
5.Qd1a4 Bg4d7
6.Qa4b3 exf3
7.Qb3xb7 Nb8a6
8.Qb7xa6 Qd8e7
9.Kd1 Qe7e4
10.Nb1c3 fxg2
11.Bf1xg2 Bd7g4
12.f3 Bg4xf3
13.Bg2xf3 Qe4xf3
14.Kc2 Ng8e7
15.Rh1e1 Qf3f5
16.d3 Kd8
17.Qa6a5 Ra8c8
18.Qa5xa7 Ne7g6
19.Qa7d4 f6
20.Re1e6 Bf8e7
21.Nc3b5 Ng6f4
22.Bc1xf4 Rh8e8
23.Ra1f1 Qf5g4
24.Bf4xc7 Rc8xc7
25.Qd4xg4 Rc7d7
26.Qg4xg7 h5
27.Qg7g3 Rd7b7
28.d6 Be7f8
29.Nb5c7 Re8xe6
30.Nc7xe6 Ke8
31.Rf1xf6 Bf8g7
32.Ne6xg7 Kd8
33.Ng7xh5 Rb7b6
34.Rf6f7 Rb6c6
35.Qg3g8 
1-0

[Event "1/128 Finale"]
[Site "www.chess-mail.com"]
[Date "2015.08.20"]
[Round "1"]
[White "Ulysse21"]
[Black "Coraza"]
[WhiteElo "2179"]
[BlackElo "1649"]
[Result "1-0"]
[Round "1"]
1.d4 d5
2.c4 Ng8f6
3.cxd5 Qd8xd5
4.Nb1c3 Qd5a5
5.Ng1f3 g6
6.Bc1d2 Qa5b6
7.e4 Bf8g7
8.Bf1c4 O-O
9.O-O Bc8g4
10.Bd2e3 Qb6xb2
11.Nc3b5 Bg4xf3
12.gxf3 Qb2b4
13.Nb5xc7 Nb8d7
14.Nc7xa8 Rf8xa8
15.Qd1e2 Nd7b6
16.Bc4b3 Nf6d7
17.Rf1d1 Qb4a5
18.f4 Ra8c8
19.Ra1c1 Rc8xc1
20.Rd1xc1 h5
21.Be3d2 Qa5a3
22.e5 e6
23.Rc1c7 a5
24.d5 a4
25.dxe6 axb3
26.exd7 Qa3e7
27.Rc7c8 Bg7f8
28.d8Q Nb6xc8
29.Qd8xc8 b2
30.Qe2b5 Qe7a3
31.Qc8c2 Qa3xa2
32.Qc2xb2 Qa2e6
33.Qb5e2 b6
34.Bd2e3 h4
35.Qb2xb6 Qe6h3
36.Qb6d8 Kg7
37.Qd8f6 Kg8
38.Qe2d1 Bf8g7
39.Qd1d8 Kh7
40.Qf6xh4 Qh3xh4
41.Qd8xh4 Kg8
42.Be3c5 Bg7h8
43.Bc5e7 Bh8g7
44.f5 gxf5
45.Qh4g5 f4
46.Be7f6 { resign }
1-0

[Event "Tourn. n8346"]
[Site "www.chess-mail.com"]
[Date "2015.08.21"]
[Round "1"]
[White "Ruko"]
[Black "Pipas"]
[WhiteElo "1880"]
[BlackElo "1720"]
[Result "1-0"]
[Round "1"]
1.e4 e5
2.Ng1f3 Nb8c6
3.Bf1c4 Ng8f6
4.Nf3g5 d5
5.exd5 Nf6xd5
6.Ng5xf7 Kxf7
7.Qd1f3 Qd8f6
8.Bc4xd5 Bc8e6
9.Bd5xc6 bxc6
10.Qf3xc6 Bf8d6
{ time. }
1-0

[Event "Tourn. n8321"]
[Site "www.chess-mail.com"]
[Date "2015.08.21"]
[Round "1"]
[White "Fangshuo"]
[Black "Liencam2"]
[WhiteElo "2090"]
[BlackElo "2290"]
[Result "1-0"]
[Round "1"]
1.e4 c5
2.Ng1f3 e6
3.c3 d5
4.e5 Nb8c6
5.d4 Qd8b6
6.a3 Ng8h6
7.b4 cxd4
8.Bc1xh6 gxh6
9.cxd4 Rh8g8
10.Nb1c3 Rg8g4
11.Nc3a4 Qb6d8
12.h3 Rg4g6
13.Bf1d3 Rg6g7
14.O-O Bc8d7
15.Na4c5 f5
16.Nc5xb7 Qd8b6
17.Nb7c5 a5
18.Nc5xd7 Kxd7
19.b5 Nc6xd4
20.Nf3xd4 Qb6xd4
21.a4 Qd4xe5
22.b6 Bf8d6
23.f4 Qe5e3
24.Kh1 Qe3xb6
25.Bd3b5 Ke7
26.Qd1e2 Ra8g8
27.Ra1e1 Bd6b4
28.Re1d1 Rg7g3
29.Rd1xd5 Rg3e3
30.Rd5d7 Kf6
31.Qe2h5 Re3g3
32.Qh5f7 { resign }
1-0

[Event "Tourn. n8329"]
[Site "www.chess-mail.com"]
[Date "2015.08.21"]
[Round "1"]
[White "Rons"]
[Black "Seger"]
[WhiteElo "2560"]
[BlackElo "2780"]
[Result "1-0"]
[Round "1"]
1.e4 c5
2.Ng1f3 d5
3.exd5 Ng8f6
4.Bf1b5 Nb8d7
5.c4 a6
6.Bb5a4 b5
7.cxb5 Nf6xd5
8.bxa6 e6
9.Nb1c3 Bf8e7
10.Nc3xd5 exd5
11.O-O O-O
12.d4 Nd7f6
13.Nf3e5 Qd8c7
14.Bc1f4 Bc8xa6
15.Rf1e1 Be7d6
16.dxc5 Bd6xc5
17.Bf4g3 Bc5b6
18.Ne5c6 Qc7b7
19.Nc6e7 Kh8
20.Ba4c6 Qb7a7
21.Bc6xa8 Qa7xa8
22.Bg3h4 Qa8a7
23.Qd1f3 { resign }
1-0

[Event "Match"]
[Site "www.echecsemail.com"]
[Date "2015.08.21"]
[Round "1"]
[White "Jhw"]
[Black "Llord"]
[WhiteElo "2329"]
[BlackElo "1900"]
[Result "1-0"]
[Round "1"]
1.Ng1f3 Nb8c6
2.c4 Ng8f6
3.d4 d5
4.e3 Bc8f5
5.Nb1c3 e6
6.c5 Nc6b4
7.Bf1b5 c6
8.Bb5a4 Bf8d6
9.cxd6 Qd8xd6
10.Nf3e5 O-O
11.g4 Bf5g6
12.Ne5xg6 fxg6
13.f3 Nf6d7
14.a3 Nb4a6
15.e4 b5
16.Ba4c2 e5
17.exd5 cxd5
18.Nc3xb5 Qd6e7
19.O-O exd4
20.Nb5xd4 Nd7e5
21.f4 Ne5d7
22.Rf1e1 Qe7h4
23.Bc2b3 Nd7f6
24.g5 Nf6g4
25.Bb3xd5 Kh8
26.Re1e2 Na6c5
27.Bd5xa8 Nc5e4
28.Ba8xe4 Rf8e8
29.Qd1d3 h6
30.Bc1e3 hxg5
31.Be4xg6 Re8xe3
32.Nd4f3 { resign }
1-0

[Event "Match"]
[Site "www.echecsemail.com"]
[Date "2015.08.21"]
[Round "1"]
[White "Heiserman"]
[Black "Gimmyg"]
[WhiteElo "2250"]
[BlackElo "2390"]
[Result "0-1"]
[Round "1"]
1.d4 d5
2.c4 dxc4
3.Ng1f3 e6
4.g3 a6
5.Bf1g2 Nb8c6
6.O-O Ng8f6
7.Nb1c3 Ra8b8
8.Bc1g5 Bf8e7
9.Nf3e5 Nc6xe5
10.dxe5 Qd8xd1
11.Ra1xd1 Nf6d7
12.Bg5xe7 Kxe7
13.f4 h5
14.Nc3e4 b6
15.Ne4d2 b5
16.Nd2e4 Bc8b7
17.Rd1d2 Rb8d8
18.Rf1d1 Bb7xe4
19.Bg2xe4 Nd7b6
20.Be4b7 Nb6a4
21.Bb7xa6 Na4xb2
22.Rd2xd8 Rh8xd8
23.Rd1c1 c6
24.Rc1c2 Rd8d1
25.Kf2 Nb2a4
26.Ba6b7 Kd7
27.e3 Rd1d3
28.h3 Na4c5
{ resign }
0-1

[Event "Tourn. n8252"]
[Site "www.chess-mail.com"]
[Date "2015.08.22"]
[Round "1"]
[White "Brigs"]
[Black "Nimzo"]
[WhiteElo "2490"]
[BlackElo "2720"]
[Result "0-1"]
[Round "1"]
1.e4 e6
2.d4 d5
3.Nb1c3 Ng8f6
4.Bc1g5 dxe4
5.Nc3xe4 Bf8e7
6.Bg5xf6 gxf6
7.Ng1f3 f5
8.Ne4c3 a6
9.g3 b5
10.Bf1g2 Bc8b7
11.O-O O-O
12.Qd1d2 c5
13.Rf1d1 cxd4
14.Nf3xd4 Bb7xg2
15.Kxg2 Ra8a7
16.Qd2h6 Nb8d7
17.Kg1 Qd8b6
18.Nc3e2 Nd7f6
19.Qh6e3 Nf6g4
20.Qe3f4 Be7f6
21.h3 Ng4e5
22.Qf4e3 Ne5c4
23.Qe3b3 Ra7d7
24.c3 Rf8d8
25.Qb3c2 Qb6b7
26.a4 b4
27.Rd1e1 Nc4d6
28.Qc2d3 Nd6e4
29.Qd3f3 Kh8
30.Kh2 Rd7c7
31.Ra1c1 bxc3
32.bxc3 Rc7c4
33.a5 Qb7c7
34.Nd4b3 Rd8g8
35.Ne2d4 Bf6e5
36.Re1g1 Ne4g5
37.Qf3d3 Ng5e4
38.Nb3d2 Ne4xd2
39.Qd3xd2 f4
40.Nd4e2 Rg8d8
41.Qd2e1 Rc4e4
{ resign }
0-1

[Event "Tourn. n8361"]
[Site "www.chess-mail.com"]
[Date "2015.08.22"]
[Round "1"]
[White "Bojan"]
[Black "Mitja"]
[WhiteElo "1970"]
[BlackElo "1850"]
[Result "1-0"]
[Round "1"]
1.b3 d5
2.Bc1b2 e6
3.Ng1f3 Ng8f6
4.Nf3e5 Nb8d7
5.e3 Nd7xe5
6.Bb2xe5 a6
7.f4 Bf8d6
8.Be5b2 c6
9.Qd1f3 b5
10.d3 Bc8b7
11.Nb1d2 Qd8a5
12.a3 Qa5d8
13.Bf1e2 Qd8e7
14.Qf3g3 g6
15.Qg3g5 h6
16.Qg5xf6 Qe7xf6
17.Bb2xf6 Rh8g8
18.e4 dxe4
19.Nd2xe4 Bd6e7
20.Bf6e5 c5
21.O-O Bb7xe4
22.dxe4 f6
23.Be5c7 Be7d8
24.Bc7d6 Bd8e7
25.Rf1d1 Kf7
26.Bd6c7 f5
27.Be2f3 Ra8c8
28.Bc7e5 Be7f6
29.exf5 Bf6xe5
30.fxg6 Kxg6
31.fxe5 a5
32.Rd1d6 Kf5
33.Ra1e1 Rc8d8
34.Rd6c6 c4
35.Re1e2 cxb3
36.cxb3 Rd8d1
37.Kf2 Rg8d8
38.Rc6a6 a4
39.bxa4 bxa4
40.g4 Kg5
41.Ra6xe6 Rd8f8
42.Kg3 Rd1g1
43.Re2g2 Rf8xf3
44.Kxf3 Rg1xg2
45.Kxg2 { resign }
1-0

[Event "Tourn. n8349"]
[Site "www.chess-mail.com"]
[Date "2015.08.22"]
[Round "1"]
[White "Louis"]
[Black "Coraza"]
[WhiteElo "1820"]
[BlackElo "1690"]
[Result "0-1"]
[Round "1"]
1.c4 e5
2.g3 Ng8f6
3.Bf1g2 Bf8c5
4.Nb1c3 Nf6g4
5.e3 d6
6.d4 Qd8f6
7.dxc5 Qf6xf2
{ resign }
0-1

[Event "Tourn. n8351"]
[Site "www.chess-mail.com"]
[Date "2015.08.22"]
[Round "1"]
[White "Heiserman"]
[Black "Vogue"]
[WhiteElo "2250"]
[BlackElo "2010"]
[Result "0-1"]
[Round "1"]
1.d4 Ng8f6
2.c4 c5
3.d5 b5
4.cxb5 a6
5.bxa6 Bc8xa6
6.Nb1c3 d6
7.e4 Ba6xf1
8.Kxf1 g6
9.Ng1f3 Bf8g7
10.g3 O-O
11.Kg2 Nb8d7
12.Rh1e1 Nf6g4
13.Re1e2 Qd8a5
14.Qd1c2 Rf8b8
15.h3 Ng4e5
16.Nf3xe5 Nd7xe5
17.f4 Ne5c4
18.Nc3d1 Qa5a6
19.a3 Qa6a4
20.Qc2xa4 Ra8xa4
21.Ra1b1 Ra4xa3
22.Nd1e3 Nc4xe3
23.Bc1xe3 Ra3d3
24.Kf2 Rb8b3
25.g4 f5
26.exf5 gxf5
27.gxf5 Rd3xd5
28.Rb1a1 Kf7
29.Ra1a7 Bg7f6
30.Kg2 Rd5xf5
{ resign }
0-1

[Event "Tourn. n8340"]
[Site "www.chess-mail.com"]
[Date "2015.08.22"]
[Round "1"]
[White "Heiserman"]
[Black "Hundegana"]
[WhiteElo "2250"]
[BlackElo "2000"]
[Result "1-0"]
[Round "1"]
1.d4 c5
2.dxc5 Qd8a5
3.Nb1c3 Qa5xc5
4.Ng1f3 Ng8f6
5.e4 Nf6g4
6.Qd1d4 Qc5xd4
7.Nf3xd4 a6
8.Bf1e2 Ng4e5
9.f4 Ne5c6
10.Bc1e3 g6
11.O-O-O Bf8g7
12.Nc3d5 O-O
13.Nd5c7 Ra8a7
14.Nd4xc6 Nb8xc6
15.Be3xa7 Nc6xa7
16.Nc7d5 e6
17.Nd5e7 Kh8
18.Ne7xc8 Rf8xc8
19.Rd1xd7 f5
20.exf5 exf5
21.Rd7xb7 Na7c6
22.Be2xa6 Rc8a8
23.Rh1e1 h5
24.Ba6b5 Nc6d4
25.Re1e7 Bg7f6
26.Re7h7 Kg8
27.Bb5c4 Kf8
28.Rh7f7 Ke8
29.Rf7xf6 Ra8c8
30.Bc4f7 Kd8
31.Rf6d6 { resign }
1-0

[Event "Tourn. n8335"]
[Site "www.chess-mail.com"]
[Date "2015.08.22"]
[Round "1"]
[White "Jose"]
[Black "Julianlore"]
[WhiteElo "2670"]
[BlackElo "2560"]
[Result "1/2-1/2"]
[Round "1"]
1.d4 Ng8f6
2.c4 e6
3.Ng1f3 Bf8b4
4.Bc1d2 Qd8e7
5.g3 Nb8c6
6.Nb1c3 O-O
7.Bf1g2 d5
8.a3 Bb4xc3
9.Bd2xc3 Nf6e4
10.Qd1c2 Rf8e8
11.O-O Ne4d6
12.Nf3d2 dxc4
13.Rf1d1 Bc8d7
14.e4 b5
15.e5 Nd6f5
16.Nd2e4 Ra8b8
17.Qc2e2 Re8d8
18.d5 exd5
19.Rd1xd5 Bd7e6
20.Ne4f6 gxf6
21.exf6 Qe7f8
22.Rd5xf5 Be6xf5
23.Bg2xc6 Rd8d6
24.Qe2f3 Bf5g6
25.Ra1e1 Qf8h6
26.Bc6xb5 Qh6h5
27.Qf3xh5 Bg6xh5
28.Kg2 Bh5g4
29.Bb5xc4 Bg4e6
30.Re1e4 Rb8d8
31.h4 h6
32.Bc4xe6 Rd6xe6
33.Re4a4 a6
34.Ra4c4 c6
35.Rc4g4 Kh8
36.Rg4g7 Rd8d7
37.Rg7g6 Kh7
38.Rg6g7 Kh8
39.g4 Re6e8
40.g5 hxg5
41.hxg5 Re8g8
42.g6 Rg8xg7
43.fxg7 Kg8
44.gxf7 { draw }
1/2-1/2

[Event "Tourn. n8359"]
[Site "www.chess-mail.com"]
[Date "2015.08.22"]
[Round "1"]
[White "Seger"]
[Black "Jhw"]
[WhiteElo "2770"]
[BlackElo "2400"]
[Result "1-0"]
[Round "1"]
1.d4 c5
2.d5 Qd8b6
3.e4 d6
4.c4 e6
5.Nb1c3 Ng8f6
6.f4 Qb6b4
7.Bc1d2 Qb4xb2
8.Ra1b1 Qb2a3
9.Nc3b5 { resign }
1-0

[Event "Tourn. n8323"]
[Site "www.chess-mail.com"]
[Date "2015.08.22"]
[Round "1"]
[White "Olddog55"]
[Black "Neo"]
[WhiteElo "1730"]
[BlackElo "1780"]
[Result "0-1"]
[Round "1"]
1.d4 d5
2.Ng1f3 e6
3.e3 g6
4.Bf1d3 Bf8g7
5.b3 c6
6.Bc1b2 Nb8d7
7.Nf3e5 Ng8h6
8.O-O O-O
9.f4 Nh6f5
10.Rf1f3 Nd7xe5
11.dxe5 Qd8b6
12.Rf3h3 Nf5xe3
13.Rh3xe3 Qb6xe3
14.Kh1 Qe3xf4
15.g3 Qf4g5
16.Nb1d2 Qg5e7
17.a3 b5
18.b4 a6
19.Nd2f3 Bc8d7
20.Bb2c1 c5
21.c3 c4
22.Bd3e2 Rf8b8
23.Nf3d4 Bg7xe5
24.Bc1f4 Be5xf4
25.gxf4 Qe7h4
26.Qd1f1 Rb8e8
27.Nd4f3 Qh4xf4
28.Qf1g2 Qf4e3
29.Ra1f1 Qe3xc3
30.Nf3g5 Re8f8
31.Rf1f3 Qc3e1
32.Be2f1 Ra8c8
33.Qg2h3 h5
34.Rf3f4 c3
35.Ng5f3 Qe1e3
{ resign }
0-1

[Event "Tourn. n8326"]
[Site "www.chess-mail.com"]
[Date "2015.08.22"]
[Round "1"]
[White "Caspito"]
[Black "Amaya"]
[WhiteElo "1690"]
[BlackElo "1880"]
[Result "1/2-1/2"]
[Round "1"]
1.e4 e5
2.Ng1f3 Nb8c6
3.Bf1c4 Ng8f6
4.Nf3g5 d5
5.exd5 Nf6xd5
6.Ng5xf7 Kxf7
7.Qd1f3 Ke8
8.Bc4xd5 Qd8f6
9.Qf3xf6 gxf6
10.d3 Nc6d4
11.Bd5b3 Bc8d7
12.Bc1e3 Bf8c5
13.Nb1c3 Nd4xb3
14.cxb3 Bc5xe3
15.fxe3 O-O-O
16.O-O-O Bd7c6
17.e4 b6
18.Rh1f1 Rh8f8
19.Rf1f5 Bc6b7
20.Nc3b5 c6
21.Nb5c3 Bb7a6
22.Kc2 Rd8d6
23.g4 Rf8d8
24.Rf5f3 Rd8g8
25.h3 Kc7
26.a3 h6
27.a4 h5
28.Rf3g3 hxg4
29.Rg3xg4 Rg8g5
30.Rg4g1 Rg5xg1
31.Rd1xg1 Ba6xd3
32.Kc1 Rd6d4
33.Rg1g7 Kd6
34.Rg7xa7 Bd3xe4
35.Nc3xe4 Rd4xe4
36.Ra7h7 Re4e1
37.Kd2 Re1h1
38.b4 Rh1a1
39.b5 Ra1xa4
40.bxc6 Kxc6
41.h4 Ra4g4
42.h5 Rg4h4
43.Rh7h6 Kc5
44.Rh6h8 f5
45.h6 Kb4
46.h7 b5
47.Kd3 Kb3
48.Rh8b8 e4
49.Kd2 Rh4h2
50.Ke3 Rh2xh7
51.Rb8xb5 Kc2
52.Rb5xf5 Rh7e7
53.b4 Kc3
54.b5 Kc4
55.b6 Kb4
56.Rf5h5 Kc4
57.Rh5a5 Kb4
58.Ra5a7 Re7e8
59.Ra7g7 Kb5
60.b7 Kb6
61.Rg7e7 Re8b8
62.Kxe4 Rb8xb7
63.Re7xb7 Kxb7
64.Ke5 { draw }
1/2-1/2

[Event "Match"]
[Site "www.echecsemail.com"]
[Date "2015.08.22"]
[Round "1"]
[White "Bojan"]
[Black "Pinehill"]
[WhiteElo "1970"]
[BlackElo "1950"]
[Result "0-1"]
[Round "1"]
1.e4 d5
2.exd5 Ng8f6
3.c4 e6
4.dxe6 Bc8xe6
5.d4 Bf8b4
6.Nb1c3 Nf6e4
7.Qd1d3 Be6f5
8.Qd3e3 O-O
9.Qe3f3 Rf8e8
10.Ng1e2 Bf5g6
11.Kd1 Bb4xc3
12.bxc3 Nb8d7
13.Ne2g3 Nd7e5
14.Qf3e3 Ne5g4
15.Qe3f4 Ng4xf2
{ resign }
0-1

[Event "Match"]
[Site "www.echecsemail.com"]
[Date "2015.08.22"]
[Round "1"]
[White "Llord"]
[Black "Culiflori"]
[WhiteElo "1900"]
[BlackElo "1880"]
[Result "1-0"]
[Round "1"]
1.e4 e5
2.Ng1f3 Nb8c6
3.Bf1c4 Bf8c5
4.O-O Ng8f6
5.Nb1c3 d6
6.h3 O-O
7.Bc4e2 Bc8e6
8.d3 h6
9.Bc1e3 Bc5b6
10.a3 Rf8e8
11.Nf3h2 d5
12.exd5 Nf6xd5
13.Nc3xd5 Be6xd5
14.Be2f3 Qd8d7
15.Bf3g4 f5
16.Bg4h5 Re8f8
17.c4 Bd5e6
18.b4 a6
19.Be3c5 Bb6xc5
20.bxc5 Ra8d8
21.Bh5e2 Qd7e7
22.Qd1b3 Rd8b8
23.Ra1b1 Qe7xc5
24.Nh2f3 Nc6d4
25.Nf3xd4 Qc5xd4
26.Be2f3 b5
27.Qb3c2 Rf8d8
28.cxb5 axb5
29.Bf3c6 Qd4xd3
30.Qc2xd3 Rd8xd3
31.a4 Rd3c3
32.Bc6xb5 Be6c4
33.Bb5xc4 { resign }
1-0

[Event "Match"]
[Site "www.echecsemail.com"]
[Date "2015.08.22"]
[Round "1"]
[White "Jhw"]
[Black "Cathar"]
[WhiteElo "2329"]
[BlackElo "2310"]
[Result "1/2-1/2"]
[Round "1"]
1.c4 e6
2.Ng1f3 Ng8f6
3.d4 b6
4.Nb1c3 Bf8b4
5.Qd1d3 Bc8b7
6.a3 Bb4xc3
7.Qd3xc3 d6
8.Bc1f4 Nb8d7
9.h3 O-O
10.g4 Nf6e4
11.Qc3d3 Qd8e7
12.Bf1g2 e5
13.dxe5 dxe5
14.Bf4h2 Ne4c5
15.Qd3c3 f6
16.Nf3h4 Bb7xg2
17.Nh4xg2 Nc5e6
18.f4 { draw }
1/2-1/2

[Event "Match"]
[Site "www.echecsemail.com"]
[Date "2015.08.22"]
[Round "1"]
[White "Whitekknight"]
[Black "Katze"]
[WhiteElo "1910"]
[BlackElo "1599"]
[Result "1-0"]
[Round "1"]
1.e4 c6
2.d4 d5
3.e5 Bc8f5
4.Bf1d3 Bf5xd3
5.Qd1xd3 e6
6.Ng1f3 Qd8a5
7.Bc1d2 Qa5a6
{ time. }
1-0

[Event "Match"]
[Site "www.echecsemail.com"]
[Date "2015.08.22"]
[Round "1"]
[White "Chapi"]
[Black "Fres"]
[WhiteElo "2050"]
[BlackElo "1499"]
[Result "0-1"]
[Round "1"]
1.d4 d5
2.c4 Ng8f6
3.Nb1c3 e6
4.Bc1g5 Bf8e7
5.e3 O-O
6.Ng1f3 Nf6e4
7.Bg5xe7 Qd8xe7
8.cxd5 Ne4xc3
9.bxc3 exd5
10.Bf1e2 Bc8g4
11.Qd1b3 c6
12.c4 dxc4
13.Qb3xc4 Nb8d7
14.Nf3d2 Bg4xe2
15.Qc4xe2 Nd7f6
16.O-O Nf6e4
17.Nd2xe4 Qe7xe4
18.Rf1c1 Ra8c8
19.Rc1c5 Rf8e8
20.Ra1c1 Qe4xd4
21.exd4 Re8xe2
22.d5 Re2xa2
23.dxc6 Rc8xc6
24.Rc5xc6 bxc6
25.h3 Ra2a6
26.g4 g6
27.f4 Kg7
28.g5 Ra6b6
29.Rc1c5 f6
30.h4 f5
31.Rc5a5 a6
32.Kf2 Kf7
33.Ke3 Ke6
34.Ra5e5 Kd6
35.Re5e8 a5
36.Re8a8 Rb6b5
37.Ra8a7 Rb5b3
38.Kd4 Rb3h3
39.Ra7xh7 a4
40.Rh7a7 Rh3xh4
41.Ke3 Rh4h3
42.Kf2 a3
{ resign }
0-1

[Event "Match"]
[Site "www.echecsemail.com"]
[Date "2015.08.22"]
[Round "1"]
[White "Pinehill"]
[Black "Ditto"]
[WhiteElo "1810"]
[BlackElo "1830"]
[Result "1-0"]
[Round "1"]
1.e4 e5
2.d4 exd4
3.c3 dxc3
4.Bf1c4 cxb2
5.Bc1xb2 Nb8c6
6.Ng1f3 d6
7.O-O Bc8g4
8.Qd1b3 Ra8b8
9.Bc4xf7 Kd7
10.Bf7xg8 Kc8
11.Bg8e6 Bg4xe6
12.Qb3xe6 Qd8d7
13.Qe6xd7 Kxd7
14.Nb1c3 Rh8g8
15.a3 Bf8e7
16.Ra1d1 Be7f6
17.Nc3a4 Rg8e8
18.Rf1e1 b5
19.Bb2xf6 gxf6
20.Na4c5 Kc8
21.Nc5a6 Rb8b6
22.Na6b4 Nc6e7
23.Nb4d5 Rb6a6
24.Nd5xf6 Re8h8
25.Rd1d3 Ne7g6
26.Nf3d4 Ra6b6
27.Nf6d5 Rb6b7
28.Nd4c6 Rh8f8
29.Nd5e7 Kd7
30.Ne7xg6 hxg6
31.Nc6d4 c6
32.Nd4b3 Rb7b8
33.Nb3c5 Ke7
34.Nc5a6 Rb8b7
35.Na6b4 Rb7c7
36.Re1c1 Kd7
37.Rd3c3 c5
38.Nb4d5 Rc7b7
39.g3 Ke6
40.f4 a5
41.Nd5e3 Rf8h8
42.Ne3d5 Rb7h7
43.Rc3c2 a4
44.Nd5e3 Rh7h5
45.f5 gxf5
46.Ne3xf5 Rh8g8
47.Kh1 Ke5
48.Nf5e7 Rg8xg3
49.Ne7f5 Rg3xa3
50.Rc2d2 Kxe4
51.Nf5xd6 Ke3
52.Rd2c2 c4
53.Rc2xc4 Ra3a2
54.Rc4c3 Kd4
55.Rc3c2 Ra2a3
56.Rc2c8 Ra3b3
57.Rc1d1 Ke3
58.Rc8e8 Kf3
59.Rd1f1 Kg4
60.Re8g8 Rh5g5
61.Rf1g1 Kf4
62.Rg8xg5 a3
63.Rg5xb5 Rb3d3
64.Rb5f5 Ke3
65.Rg1g3 Ke2
66.Rg3xd3 Kxd3
67.Rf5f3 { resign }
1-0

[Event "Match"]
[Site "www.echecsemail.com"]
[Date "2015.08.22"]
[Round "1"]
[White "Fres"]
[Black "Chapi"]
[WhiteElo "1499"]
[BlackElo "2050"]
[Result "1/2-1/2"]
[Round "1"]
1.d4 d5
2.Nb1c3 Ng8f6
3.Bc1g5 e6
4.e4 Bf8e7
5.e5 Nf6d7
6.Bg5xe7 Qd8xe7
7.Ng1f3 O-O
8.Bf1d3 Nb8c6
9.O-O Qe7b4
10.Ra1b1 b6
11.a3 Qb4e7
12.Bd3b5 Bc8b7
13.Nf3e1 a6
14.Bb5e2 f6
15.f4 fxe5
16.fxe5 a5
17.Nc3b5 Rf8xf1
18.Be2xf1 Nd7f8
19.Ne1f3 Nf8g6
20.Qd1d2 Nc6d8
21.Qd2g5 Qe7xg5
22.Nf3xg5 c5
23.Nb5c7 Ra8c8
24.Ng5xe6 cxd4
25.Ne6xd8 Rc8xd8
26.Rb1e1 Rd8d7
27.Nc7e6 Rd7e7
28.Ne6xd4 Re7xe5
29.Re1xe5 Ng6xe5
30.g3 Ne5c4
31.Bf1xc4 dxc4
32.c3 Kf7
33.Nd4f5 Kf6
34.Nf5d6 Bb7d5
35.Kf2 Ke5
36.Nd6c8 Ke4
37.Nc8xb6 Bd5e6
38.Ke2 Be6g4
39.Kd2 Bg4e6
{ draw }
1/2-1/2

[Event "Match"]
[Site "www.echecsemail.com"]
[Date "2015.08.22"]
[Round "1"]
[White "Gilliere"]
[Black "Culiflori"]
[WhiteElo "1790"]
[BlackElo "1900"]
[Result "0-1"]
[Round "1"]
1.e4 e5
2.Ng1f3 Nb8c6
3.Bf1b5 a6
4.Bb5xc6 dxc6
5.h3 Ng8f6
6.d3 Bf8e7
7.O-O Qd8d6
8.Nb1c3 O-O
9.b3 Bc8e6
10.Bc1b2 Ra8d8
11.Nf3g5 Qd6c5
12.Nc3a4 Qc5d6
13.Ng5xe6 Qd6xe6
14.Qd1e2 b5
15.Na4c3 Be7b4
16.a3 Bb4c5
17.b4 Bc5b6
18.Nc3d1 Rf8e8
19.Kh1 c5
20.bxc5 Bb6xc5
21.Nd1e3 Qe6b6
22.Ne3g4 Nf6xg4
23.hxg4 Qb6h6
24.Kg1 Qh6f4
25.Qe2f3 Qf4d2
26.Ra1c1 f6
27.Rf1d1 Qd2a5
28.Qf3e2 Bc5xa3
29.Bb2xa3 Qa5xa3
30.Rc1a1 Qa3d6
31.f3 c5
32.Ra1a2 Rd8a8
33.Ra2a1 a5
34.Qe2d2 a4
35.Rd1b1 b4
36.Kf2 Re8b8
37.Rb1h1 c4
38.Rh1h3 b3
39.cxb3 axb3
40.Ra1xa8 Rb8xa8
41.Qd2c3 Qd6xd3
42.Qc3e1 Ra8a2
43.Kg3 Qd3d2
44.Qe1xd2 Ra2xd2
45.Rh3h1 b2
46.Rh1b1 c3
47.Kh3 Rd2c2
48.Kg3 Rc2c1
{ resign }
0-1

[Event "Match"]
[Site "www.echecsemail.com"]
[Date "2015.08.22"]
[Round "1"]
[White "Ruko"]
[Black "Gilliere"]
[WhiteElo "1910"]
[BlackElo "1790"]
[Result "1-0"]
[Round "1"]
1.e4 e5
2.Ng1f3 d6
3.d4 exd4
4.Nf3xd4 h6
5.Nb1c3 Ng8f6
6.Bc1f4 Nb8d7
7.Bf1e2 Bf8e7
8.O-O O-O
9.Rf1e1 a6
10.Nd4f5 Rf8e8
11.Be2f3 Be7f8
12.Qd1d2 Nd7e5
13.Nf5d4 Ne5xf3
14.Nd4xf3 Nf6h5
15.Bf4e3 Nh5f6
16.Ra1d1 Nf6xe4
17.Nc3xe4 Re8xe4
18.h3 Re4e8
19.Qd2c3 Bc8e6
20.Be3f4 b5
21.Qc3c6 Be6d7
22.Qc6c3 Re8xe1
23.Rd1xe1 Bd7e6
24.Re1d1 a5
25.a3 a4
26.Nf3e5 Qd8f6
27.Qc3c6 Qf6xf4
28.Ne5d3 Qf4c4
29.Qc6xa8 Qc4xc2
30.Qa8f3 Qc2b3
31.Qf3e2 Be6c4
32.Qe2d2 Bc4xd3
33.Qd2xd3 Qb3xb2
34.Rd1b1 Qb2e5
35.Qd3xb5 Qe5e4
36.Qb5b4 Qe4a8
37.Qb4b7 Qa8xb7
38.Rb1xb7 c5
39.Rb7a7 c4
40.Ra7xa4 d5
41.Kf1 f5
42.Ke2 g5
43.f3 Kg7
44.Ra4a5 d4
45.a4 f4
46.Ra5d5 d3
47.Kd2 Bf8b4
48.Kd1 d2
49.a5 c3
50.a6 c2
51.Kxc2 Kf6
52.a7 d1Q
53.Kxd1 { resign }
1-0

[Event "Match"]
[Site "www.echecsemail.com"]
[Date "2015.08.22"]
[Round "1"]
[White "Pariolinius"]
[Black "Jhw"]
[WhiteElo "1990"]
[BlackElo "1779"]
[Result "1-0"]
[Round "1"]
1.c4 e6
2.Ng1f3 g6
3.d4 Bf8g7
4.Nb1c3 b6
5.Bc1f4 Bc8b7
6.e3 d5
7.Bf1e2 a6
8.O-O Qd8d7
9.cxd5 Bb7xd5
10.Nc3xd5 exd5
11.Ra1c1 Nb8c6
12.a3 Ng8e7
13.b4 b5
14.Qd1b3 O-O
15.a4 Rf8b8
16.a5 Rb8b7
17.Nf3e5 Nc6xe5
18.dxe5 c6
19.h3 Ra8e8
20.Be2g4 Ne7f5
21.Rf1e1 Bg7xe5
22.Qb3c2 Be5xf4
23.exf4 Re8xe1
24.Rc1xe1 Rb7c7
25.Qc2c3 Rc7c8
26.Qc3d3 Rc8f8
27.Bg4xf5 gxf5
28.Qd3g3 Kh8
29.Qg3g5 Rf8g8
30.Qg5f6 Rg8g7
31.Re1e7 Qd7d8
32.Qf6e5 Qd8g8
33.Re7e8 { resign }
1-0